Barcelonu odmietol, pred mamou má strach! slovenský hádzanár Martin Straňovský je s 36 gólmi momentálne najlepším strelcom španielskej ligy

Bibliographic Details
Format: Article
Language:Slovak
PhysicalDescription:Fotogr.
ISSN:0139-7001
Subjects:

MARC

LEADER 00000nab a2200000 ar4500
001 vtls008963521
003 SK-MaSNL
005 20260303070751.0
008 070126c20081001xo wr|p|||||||000 b|slo
015 |a SNBRBL2008/10  |2 snkbucl 
038 |a SNKBUCL 
040 |a SNKBUCL  |b slo  |c SNKBUCL  |e AACR2 
041 0 |a slo 
044 |a xo  |c SK 
080 |a 796.322.071  |x (437.6)  |2 2001 
080 |a 929 Straňovský, Martin  |2 2001 
245 0 0 |a Barcelonu odmietol, pred mamou má strach!  |b slovenský hádzanár Martin Straňovský je s 36 gólmi momentálne najlepším strelcom španielskej ligy 
300 |b Fotogr. 
600 1 7 |a Straňovský, Martin,  |d 1985-  |2 snkbucl  |9 1033847 
650 0 7 |a hádzaná  |2 snkbucl  |9 3292 
773 0 |t Šport  |g Roč. 62, č. 227 (1.10.2008), s. 34  |x 0139-7001 
852 |a SNK  |b KIS3GCP 
958 |a BX 
999 |c 1756840  |d 1758770